000 00517nam a22001817a 4500
005 20251108165905.0
008 250721s1985 xx 000 0 ara d
082 1 4 _aق/دوم
100 1 _aدوماس الكبير، إسكندر
245 1 0 _aشعب و طاغية /
264 1 _aالقاهرة :
_bدار الهلال،
_c1985.
300 _a156ص
490 0 _aسلسلة روايات الهلال
650 1 7 _aالأدب المترجم
650 1 7 _aالروايات
942 _2ddc
_cBK
999 _c34021
_d34021